| 000 | 00958nam a22001817a 4500 | ||
|---|---|---|---|
| 003 | NUST | ||
| 005 | 20221103122739.0 | ||
| 020 | _a9788121924900 | ||
| 082 | _a 621.31,THE | ||
| 100 |
_a Theraja, B.L _97131 |
||
| 245 |
_aA textbook of electrical technology Volume.III / _btransmission, distribution and utilization / _cB.L.Theraja, A.K.Theraja |
||
| 260 |
_a S.Chand & Company _bNew Delhi _c2015 |
||
| 300 | _a2016 p | ||
| 505 | _aD.C. Transmission and Distribution (Page-1569), A.C. Transmission and distributions (Page-1603), Distribution automation (Page-1683), Electric Traction (Page-1699), Industrial Applications of Electric Motors (Page-1767), Rating and Service Capacity (Page-1795), Electronic Control of Ac Motors (Page-1823), Electric Heating (Page-1833), Electric Welding (Page-1861), Illumination (Page-1893), | ||
| 650 |
_atransmission, distribution and utilization _9102307 |
||
| 651 |
_aelectrical technology _9102234 |
||
| 942 |
_2ddc _cBK |
||
| 999 |
_c592246 _d592246 |
||